El analisis economico del derecho (Registro nro. 8439)
[ vista simple ]
| 000 -LEADER | |
|---|---|
| fixed length control field | 02688nam a2200301Ia 4500 |
| 003 - CONTROL NUMBER IDENTIFIER | |
| control field | OSt |
| 005 - DATE AND TIME OF LATEST TRANSACTION | |
| control field | 20210901143531.0 |
| 008 - FIXED-LENGTH DATA ELEMENTS--GENERAL INFORMATION | |
| fixed length control field | 210310s2007 mx ad fr 001 0dspa d |
| 020 ## - INTERNATIONAL STANDARD BOOK NUMBER | |
| International Standard Book Number | 9789681685720 |
| 040 ## - CATALOGING SOURCE | |
| Original cataloging agency | CO-JMCR |
| Transcribing agency | CO-JMCR |
| 041 0# - LANGUAGE CODE | |
| Language code of text/sound track or separate title | spa |
| 082 04 - DEWEY DECIMAL CLASSIFICATION NUMBER | |
| Classification number | 340.1 / |
| Item number | P855a |
| Edition number | 23 |
| 100 1# - MAIN ENTRY--PERSONAL NAME | |
| Personal name | Posner, Richard A., |
| 9 (RLIN) | 17274 |
| Relator term | autor |
| 245 13 - TITLE STATEMENT | |
| Title | El analisis economico del derecho |
| Statement of responsibility, etc. | Richard A. Posner ; traducción, Eduardo L. Suárez |
| 250 ## - EDITION STATEMENT | |
| Edition statement | Segunda edición |
| 260 ## - PUBLICATION, DISTRIBUTION, ETC. | |
| Place of publication, distribution, etc. | México : |
| Name of publisher, distributor, etc. | Fondo de Cultura Económica, |
| Date of publication, distribution, etc. | 2007 |
| 300 ## - PHYSICAL DESCRIPTION | |
| Extent | 1120 páginas : |
| Other physical details | ilustraciones y gráficas a blanco y negro ; |
| Dimensions | 23 cm. |
| 490 0# - SERIES STATEMENT | |
| Series statement | Sección de obras de política y derecho |
| 500 ## - GENERAL NOTE | |
| General note | Incluye notas a pie de página, datos biográficos del autor e índice de casos, onomástico y analítico. |
| 505 0# - FORMATTED CONTENTS NOTE | |
| Formatted contents note | El derecho y la economía: introducción -- El derecho común -- Regulación pública del mercado -- El derecho de las organizaciones mercantiles y los mercados financieros -- El derecho y la distribución del ingreso y la riqueza -- El proceso legal -- La constitución y el sistema federal |
| 520 3# - SUMMARY, ETC. | |
| Summary, etc. | La economía es una herramienta valiosa para analizar un amplio abanico de cuestiones legales, pero la mayoría de los abogados y estudiantes de derecho tienen dificultades al relacionar los principios económicos con problemas legales específicos. Este manual está pensado para ellos.<br/>La obra está organizada en torno a conceptos legales, lo que permite captar y estudiar el derecho como un sistema cuya coherencia puede ser mostrada, y a veces perfeccionada por el análisis económico. Richard A. Posner -quien insiste en la unidad, simplicidad y fuerza, pero también en la sutileza, de los principios económicos- no requiere de sus lectores ninguna familiaridad con la ciencia económica, estudia el sistema legal haciendo hincapié en la regulación de las actividades que no tienen relación con el mercado y si con la ley, la jurisprudencia y las cuestiones públicas y privadas, por lo que no sólo centra su atención en aspectos familiares para los economistas, como delitos, accidentes y litigios, sino también en otros como la drogadicción y la religión. La relación entre derecho y economía es el campo interdisciplinario más destacado de los estudios legales contemporáneos. Esta segunda edición refleja los aportes a esta materia surgidos en la primera década del siglo XXI. |
| 650 14 - SUBJECT ADDED ENTRY--TOPICAL TERM | |
| Topical term or geographic name entry element | Derecho y economía |
| 9 (RLIN) | 17276 |
| 650 24 - SUBJECT ADDED ENTRY--TOPICAL TERM | |
| Topical term or geographic name entry element | Derecho |
| General subdivision | Aspectos económicos |
| 9 (RLIN) | 39796 |
| 650 24 - SUBJECT ADDED ENTRY--TOPICAL TERM | |
| Topical term or geographic name entry element | Teoría económica |
| 9 (RLIN) | 39863 |
| 650 24 - SUBJECT ADDED ENTRY--TOPICAL TERM | |
| Topical term or geographic name entry element | Derecho |
| General subdivision | Análisis económico |
| 9 (RLIN) | 39864 |
| 700 1# - ADDED ENTRY--PERSONAL NAME | |
| Personal name | Suárez, Eduardo L., |
| Relator term | traductor |
| 9 (RLIN) | 4465 |
| 942 ## - ADDED ENTRY ELEMENTS (KOHA) | |
| Source of classification or shelving scheme | Dewey Decimal Classification |
| Koha item type | Books |
| Withdrawn status | Lost status | Source of classification or shelving scheme | Damaged status | Not for loan | Collection code | Home library | Current library | Date acquired | Source of acquisition | Total Checkouts | Full call number | Barcode | Date last seen | Date last checked out | Copy number | Koha item type |
|---|---|---|---|---|---|---|---|---|---|---|---|---|---|---|---|---|
| Dewey Decimal Classification | Non-fiction | Biblioteca Pública José María del Castillo y Rada | Biblioteca Pública José María del Castillo y Rada | 04/15/2018 | Donación | 1 | 340.1 / P855a | 430006423 | 05/28/2025 | 05/27/2025 | Ej.1 | Books |